FC Barcelona players since 2000 - Statistics

General Stats
  • This quiz has been taken 485 times
  • The average score is 103 of 230
Answer Stats
Ranking Player Positions Nationality Matches Goals Assists Periods % Correct
1 Lionel Messi MF, FW 519 474 191 2004-2021
99%
4 Andrés Iniesta MF 442 35 65 2002-2018
98%
15 Luis Suárez FW 191 146 68 2014-2020
98%
3 Xavi MF 464 57 105 2000-2015
98%
7 Carles Puyol DF 368 13 7 2000-2014
96%
85 Denis Suárez MF, FW 46 3 5 2016-2019
96%
5 Gerard Piqué DF 397 29 5 2008-2023
96%
134 Jeffrén Suárez MF, FW 22 3 1 2008-2011
96%
9 Marc-André ter Stegen GK 291 0 2 2015-2025
96%
2 Sergio Busquets MF 481 10 32 2008-2023
96%
26 Neymar MF, FW 123 68 35 2013-2017
95%
10 Dani Alves DF, MF 261 15 61 2008-2015, 2021-2022
94%
16 Frenkie de Jong DF, MF 177 14 15 2019-2025
94%
14 Ivan Rakitić MF 200 25 29 2014-2020
94%
39 Robert Lewandowski FW 103 69 17 2022-2025
94%
19 Samuel Eto'o FW 144 107 22 2004-2009
94%
139 Luuk de Jong FW 21 6 0 2021-2022
93%
6 Víctor Valdés GK 387 0 0 2002-2014
93%
13 Javier Mascherano DF, MF 203 1 3 2010-2018
92%
8 Jordi Alba DF, MF 313 17 61 2012-2023
92%
18 Ronaldinho MF, FW 145 70 38 2003-2008
92%
51 Alexis Sánchez MF, FW 88 39 23 2011-2014
90%
20 Pedri MF, FW 136 20 12 2020-2025
90%
12 Pedro MF, FW 204 58 35 2007-2015
90%
33 Gavi MF, FW 108 6 11 2021-2025
89%
61 Lamine Yamal FW 73 14 18 2022-2025
87%
23 Ousmane Dembélé MF, FW 127 24 34 2017-2023
86%
169 Víctor Sánchez DF, MF 8 0 0 2007-2009
86%
28 Ronald Araújo DF 119 8 6 2019-2025
85%
57 David Villa MF, FW 77 33 12 2010-2013
84%
112 Zlatan Ibrahimović FW 29 16 6 2009-2010
84%
40 Raphinha MF, FW 100 31 25 2022-2025
83%
47 Samuel Umtiti DF 91 2 1 2016-2022
83%
67 Arturo Vidal MF 66 11 9 2018-2020
82%
11 Sergi Roberto DF, MF 245 12 31 2010-2024
81%
104 Aleix Vidal DF, MF, FW 30 3 4 2015-2018
80%
65 Claudio Bravo GK 70 0 0 2014-2017
80%
34 Ferrán Torres MF, FW 107 25 14 2021-2025
80%
24 Éric Abidal DF 125 0 3 2007-2013
77%
43 Jules Koundé DF 96 4 8 2022-2025
77%
72 Andreas Christensen DF, MF 58 3 3 2022-2025
76%
59 Antoine Griezmann MF, FW 74 22 11 2019-2022
76%
56 Thierry Henry FW 80 35 15 2007-2010
76%
60 Yaya Touré MF 74 4 3 2007-2010
76%
145 Pablo Torre MF, FW 18 3 1 2022-2023, 2024-2025
75%
55 Eric García DF, MF 81 3 3 2021-2025
74%
17 Rafael Márquez DF, MF 164 9 4 2003-2010
73%
95 Arda Turan MF, FW 36 5 6 2015-2017
72%
35 Clément Lenglet DF 105 4 2 2018-2022
72%
32 Gabri García DF, MF 112 6 2 2000-2006
72%
131 Dani García FW 23 1 0 2000-2003
71%
115 Gerard Martín DF 28 1 3 2024-2025
71%
123 Luis García MF 25 4 7 2003-2004
71%
184 Sergio García MF, FW 4 0 1 2003-2004
71%
29 Seydou Keita MF 119 16 6 2008-2012
71%
50 Alejandro Balde DF 88 1 11 2021-2025
70%
31 Deco MF 113 13 32 2004-2008
70%
79 Sergiño Dest DF, FW 51 2 4 2020-2022
70%
204 Xavi Torres DF, MF 2 0 0 2008-2009
70%
70 Fermin López MF, FW 59 14 5 2023-2025
69%
77 Pau Cubarsí DF 54 0 3 2023-2025
68%
58 Philippe Coutinho MF, FW 76 17 9 2017-2018, 2020-2022
68%
146 Pierre-Emerick Aubameyang MF, FW 18 11 1 2021-2023
68%
76 Rivaldo MF, FW 55 31 11 2000-2002
68%
152 Wojciech Szczęsny GK 15 0 0 2024-2025
68%
42 Cesc Fàbregas MF, FW 96 28 33 2011-2014
67%
142 Miralem Pjanić MF 19 0 0 2020-2021
65%
96 İlkay Gündoğan MF 36 5 9 2023-2024
64%
83 Iñigo Martínez DF 48 0 4 2023-2025
64%
84 André Gomes MF 46 3 1 2016-2018
63%
46 Gerard López MF 92 5 2 2000-2005
63%
102 João Cancelo DF, MF 32 2 4 2023-2024
63%
89 Martin Braithwaite MF, FW 44 5 3 2019-2022
63%
155 Maxi López FW 14 0 1 2004-2006
63%
168 Óscar López DF 8 0 1 2002-2004
63%
99 Thomas Vermaelen DF 34 1 1 2014-2015, 2017-2019
63%
92 Henrik Larsson FW 40 13 1 2004-2006
62%
98 Paulinho MF 34 9 2 2017-2018
62%
52 Ansu Fati MF, FW 86 22 4 2019-2025
61%
54 Nélson Semedo DF, MF 82 2 2 2017-2020
61%
27 Patrick Kluivert FW 121 59 21 2000-2004
60%
75 Rafinha MF, FW 56 8 2 2014-2016, 2018-2020
59%
93 Alexandre Song DF, MF 39 1 0 2012-2014
58%
122 Dani Olmo MF, FW 25 10 3 2024-2025
58%
37 Bojan Krkić MF, FW 104 26 11 2007-2011
56%
62 Eiður Guðjohnsen MF, FW 72 10 5 2006-2009
56%
198 Jesús Olmo DF 2 0 0 2005-2007
56%
105 João Félix MF, FW 30 7 3 2023-2024
56%
81 Arthur Melo MF 48 3 4 2018-2020
55%
73 Gianluca Zambrotta DF 58 3 3 2006-2008
55%
68 Jérémy Mathieu DF 62 3 2 2014-2017
54%
107 Memphis MF, FW 30 13 2 2021-2023
54%
74 Maxwell DF 57 0 4 2009-2012
53%
129 Pep Guardiola MF 24 2 10 2000-2001
53%
66 Thiago Alcántara MF 68 7 6 2008-2013
53%
175 Jasper Cillessen GK 5 0 0 2016-2019
52%
162 Neto GK 12 0 0 2019-2022
52%
30 Adriano DF, MF 113 9 9 2010-2016
51%
114 Franck Kessié DF, MF 28 1 1 2022-2023
51%
116 Giovani dos Santos MF, FW 28 3 3 2007-2008
51%
154 Jonathan dos Santos MF 14 0 0 2009-2014
51%
124 Marc Casado MF 25 1 3 2023-2025
50%
38 Frank de Boer DF 103 3 3 2000-2003
49%
36 Giovanni van Bronckhorst DF, MF 105 4 7 2003-2007
49%
117 Iñaki Peña GK 28 0 0 2022-2025
49%
166 Iván de la Peña MF 9 0 1 2000-2001
48%
25 Javier Saviola FW 123 49 13 2001-2003, 2006-2007
48%
45 Luis Enrique MF, FW 93 25 5 2000-2004
46%
44 Thiago Motta MF 96 6 7 2001-2007
46%
141 Alexander Hleb MF 19 0 3 2008-2009
45%
97 José Manuel Pinto GK 34 0 0 2007-2008, 2010-2014
45%
159 Adama Traoré DF, MF, FW 12 0 2 2013-2014, 2021-2022
44%
110 Marcos Alonso DF, MF 29 1 0 2022-2024
44%
178 Yerry Mina DF 5 0 1 2017-2018
44%
113 Francisco Trincão MF, FW 28 3 2 2020-2021
42%
53 Ludovic Giuly MF, FW 86 19 11 2004-2007
42%
41 Marc Overmars MF, FW 97 15 13 2000-2004
42%
183 Sergio Agüero FW 4 1 0 2021-2022
42%
189 Kevin-Prince Boateng MF, FW 3 0 0 2018-2019
41%
91 Lilian Thuram DF 41 0 0 2006-2008
41%
101 Munir El Haddadi MF, FW 33 5 4 2014-2016, 2018-2019
41%
119 Abelardo Fernández DF 26 1 1 2000-2002
39%
150 Malcom MF, FW 15 1 2 2018-2019
39%
128 Mark van Bommel MF 24 2 2 2005-2006
39%
118 Nicolás González MF 27 2 1 2021-2022
39%
206 Abraham González MF 1 0 0 2008-2009
38%
82 Gabriel Milito DF 48 1 0 2007-2008, 2009-2011
38%
109 Lucas Digne DF, MF 29 0 2 2016-2018
38%
21 Phillip Cocu DF, FW 134 13 5 2000-2004
38%
144 Edgar Davids MF 18 1 0 2003-2004
37%
127 Junior Firpo DF, MF, FW 24 2 2 2019-2021
37%
71 Marc Bartra DF, MF 59 5 5 2009-2016
37%
190 Marc Bernal MF 3 0 0 2024-2025
37%
111 Oriol Romeu MF 29 0 1 2010-2011, 2023-2024
37%
49 Sylvinho DF 89 2 7 2004-2009
37%
64 Juliano Belletti DF, MF 71 0 6 2004-2007
36%
86 Óscar Mingueza DF, MF 46 2 3 2020-2022
35%
94 Paco Alcácer FW 37 10 6 2016-2018
35%
135 Ricardo Quaresma MF, FW 22 1 1 2003-2004
35%
90 Riqui Puig MF, FW 42 2 2 2018-2022
35%
176 Rodri DF 5 0 0 2004-2006
35%
106 Juan Román Riquelme MF 30 3 6 2002-2003
34%
69 Cristian Tello DF, MF, FW 59 11 6 2011-2014
33%
126 Héctor Fort DF 24 0 2 2023-2025
33%
156 Vitor Roque FW 14 2 0 2023-2024
32%
211 Daniel Rodriguez FW 1 0 0 2024-2025
31%
188 Héctor Bellerín DF, MF 3 0 0 2022-2023
31%
138 Ibrahim Afellay MF, FW 21 1 0 2010-2011, 2013-2014
31%
63 Edmílson DF, MF 71 0 2 2004-2008
29%
157 Martín Cáceres DF 13 0 0 2008-2009
29%
173 Yusuf Demir FW 6 0 0 2021-2022
27%
153 Ilaix Moriba MF, FW 14 1 2 2020-2021
26%
148 Isaac Cuenca MF, FW 16 2 3 2011-2012
25%
88 Martín Montoya DF, MF 45 1 5 2010-2015
25%
48 Michael Reiziger DF 89 0 2 2000-2004
25%
186 Emerson DF, MF 3 0 0 2021-2022
24%
191 Marc Guiu MF, FW 3 1 0 2023-2024
24%
140 Pau Victor FW 21 2 1 2024-2025
24%
158 Abde Ezzalzouli MF, FW 12 1 0 2021-2022, 2023-2024
23%
161 Gerard Deulofeu MF, FW 12 1 1 2011-2012, 2017-2018
23%
108 Pepe Reina GK 30 0 0 2000-2002
23%
120 Carles Aleñá MF, FW 26 2 0 2016-2017, 2018-2021
22%
185 Douglas DF 3 0 0 2014-2016
21%
132 Emmanuel Petit DF, MF 23 1 0 2000-2001
21%
197 Jeison Murillo DF 2 0 0 2018-2019
21%
147 Sandro Ramírez MF, FW 17 2 1 2014-2016
21%
136 Alfonso Pérez FW 21 2 0 2000-2002
20%
163 Carles Pérez DF, MF, FW 11 1 2 2018-2020
20%
181 Moussa Wagué DF, MF, FW 4 0 0 2018-2020
19%
22 Oleguer Presas DF 127 1 1 2002-2008
19%
227 Robert Enke GK 1 0 0 2002-2003
19%
78 Roberto Bonano GK 51 0 0 2001-2003
19%
180 Jean-Clair Todibo DF 4 0 0 2018-2020
18%
182 Rüştü Reçber GK 4 0 0 2003-2004
17%
133 Francesco Coco DF 23 0 1 2001-2002
16%
217 Jordi Masip GK 1 0 0 2014-2015
16%
229 Sergi Samper MF 1 0 0 2015-2016
16%
205 Abel Ruiz FW 1 0 0 2018-2019
15%
164 Boudewijn Zenden DF, FW 10 0 0 2000-2001
15%
160 Dmytro Chygrynskiy DF 12 0 0 2009-2010
15%
149 Juan Pablo Sorín DF, MF 15 1 0 2002-2003
14%
143 Patrik Andersson DF 19 0 0 2001-2004
14%
171 Ferran Jutglà FW 6 1 0 2021-2022
13%
100 Gaizka Mendieta MF 33 4 6 2002-2003
13%
151 Richard Dutruel GK 15 0 0 2000-2001
12%
167 Andreu Fontàs DF 8 0 0 2009-2012
11%
174 Demetrio Albertini MF, FW 5 0 0 2004-2005
11%
215 Jean Marie Dongou FW 1 0 0 2013-2014
11%
200 Marc Muniesa DF, MF 2 0 0 2008-2009, 2011-2012
11%
80 Sergi Barjuán DF 50 1 2 2000-2002
11%
172 Francesc Arnau GK 6 0 0 2000-2001
10%
121 Geovanni MF, FW 26 1 3 2001-2003
10%
196 Ilias Akhomach MF, FW 2 0 0 2021-2022
10%
201 Marlon DF 2 0 0 2016-2017
10%
202 Nolito MF, FW 2 0 0 2010-2011
10%
103 Philippe Christanval DF 31 0 1 2001-2003
10%
193 Sergi Dominguez DF 3 0 0 2024-2025
10%
210 Chadi Riad DF 1 0 0 2022-2023
9%
87 Fábio Rochemback DF, MF 45 3 5 2001-2003
9%
170 Albert Jorquera GK 7 0 0 2003-2006
8%
130 Santiago Ezquerro FW 24 3 0 2005-2008
8%
125 Simão Sabrosa MF 25 2 4 2000-2001
8%
230 Víctor Vázquez MF, FW 1 0 0 2007-2008
8%
187 Gerard Gumbau MF 3 0 0 2015-2016
7%
194 Álex Collado MF, FW 2 0 0 2018-2020
6%
137 Fernando Navarro DF 21 1 1 2001-2002, 2004-2005
6%
179 Ángel Alarcón MF, FW 4 0 0 2022-2023
5%
222 Oier Olazábal GK 1 0 0 2008-2009
4%
226 Ramón Ros MF 1 0 0 2003-2004
4%
207 Alberto Botía DF 1 0 0 2008-2009
3%
208 Aleix Garrido FW 1 0 0 2022-2023
3%
195 Alvaro Sanz MF 2 0 0 2021-2022
3%
209 Andrea Orlandi MF, FW 1 0 0 2005-2006
3%
165 Damià Abella DF, MF 9 0 0 2004-2005
3%
216 Jofre MF 1 0 0 2001-2002
3%
199 Ludovic Sylvestre MF 2 0 0 2005-2006
3%
220 Mario DF 1 0 0 2003-2004
3%
192 Nano DF, FW 3 0 0 2002-2003
3%
177 Sergio Santamaría MF, FW 5 0 0 2000-2001, 2003-2004
3%
212 Estanis FW 1 0 0 2021-2022
2%
213 Fali DF, MF 1 0 0 2007-2008
2%
218 José Arnaiz MF, FW 1 0 0 2017-2018
2%
221 Mika Màrmol DF 1 0 0 2021-2022
2%
214 Francisco Martos DF, MF 1 0 0 2005-2006
1%
219 José Manuel Rueda MF 1 0 0 2007-2008
1%
223 Paco Montañés MF, FW 1 0 0 2005-2006
1%
224 Pitu MF 1 0 0 2005-2006
1%
225 Ramón Masó MF 1 0 0 2005-2006
1%
228 Roberto Trashorras MF 1 0 0 2001-2002
1%
203 Rubén GK 2 0 0 2004-2005
1%
No matching quizzes found
Score Distribution
Percent of People with Each Score
Percentile by Number Answered
Your Score History
You have not taken this quiz